| 000 | 00438nam a22001697a 4500 | ||
|---|---|---|---|
| 999 |
_c1131 _d1131 |
||
| 008 | 200110b ||||| |||| 00| 0 eng d | ||
| 082 | 0 | 0 |
_a621.81 _bK339 |
| 100 |
_9707 _aKenison, Ervin. |
||
| 245 | 1 | 0 |
_aMechanical drawing _cbyErvin Kenison |
| 250 | _a1st | ||
| 260 |
_aChicago _bAmerican Technical Society _c1944 |
||
| 300 | _a328p. | ||
| 365 | _d9.10 | ||
| 650 | 0 | _aMechanical Drawing | |
| 710 |
_9708 _aMcKinney, James. |
||
| 942 | _cBK | ||